[Event "Druzynowe Mistrzostwa Polski Juniorow 2019 - II Liga"]
[Site "Szczyrk"]
[Date "1899-12-30"]
[Round "3.62"]
[White "Ksiazkiewicz, Michal"]
[Black "Oles, Martin"]
[Result "0-1"]
[WhiteTitle "III"]
[BlackTitle "I"]
[WhiteElo "1000"]
[BlackElo "1682"]

1. e4 c5 2. Nf3 e6 3. d4 cxd4 4. Nxd4 Nf6 5. Nc3 Nc6 6. Be3 Bb4 7. f3 Qa5 8. Qd2
d5 9. Nxc6 bxc6 10. e5 Nd7 11. f4 c5 12. Rd1 d4 13. Bxd4 cxd4 14. Qxd4 O-O 15.
a3 Bxc3+ 16. Qxc3 Qxc3+ 17. bxc3 Nb6 18. Be2 Bb7 19. O-O Rfd8 20. Rd3 Be4 21.
Rxd8+ Rxd8 22. Rd1 Rxd1+ 23. Bxd1 Nd5 24. c4 Ne3 25. Be2 Nxc2 26. Kf2 Kf8 27.
a4 Ke7 28. Bd1 Kd7 29. Bf3 Bxf3 30. Kxf3 Kc6 31. Ke4 Kc5 32. Kd3 Ne1+ 33. Kc3
Nxg2 34. Kd3 Nxf4+ 35. Kc3 Ng6 36. Kd3 Nxe5+ 37. Kc3 Nxc4 0-1

[Event "Druzynowe Mistrzostwa Polski Juniorow 2019 - II Liga"]
[Site "Szczyrk"]
[Date "1899-12-30"]
[Round "3.63"]
[White "Jendrowiak, Maciej"]
[Black "Tarawski, Adrian"]
[Result "0-1"]
[WhiteTitle "II"]
[BlackTitle "II+"]
[WhiteElo "1507"]
[BlackElo "1562"]

1. d4 Nf6 2. c4 g6 3. Nc3 Bg7 4. e4 d6 5. Bd3 O-O 6. Nge2 e5 7. d5 a5 8. O-O Na6
9. Bb1 Nc5 10. Ng3 Bd7 11. h3 h6 12. Be3 Nh7 13. Bc2 f5 14. exf5 gxf5 15. Nh5
f4 16. Bxc5 dxc5 17. Nxg7 Kxg7 18. Qh5 Qg5 19. Qxg5+ Nxg5 20. f3 Nf7 21. Ne4 Bf5
22. Kh2 Bxe4 23. Bxe4 Nd6 24. Bd3 Nf5 25. Bxf5 Rxf5 26. Rae1 Ra6 27. Rf2 Rb6 28.
Rd2 Kf6 29. Re4 a4 30. Rde2 h5 31. Rd2 h4 32. Rde2 Rd6 33. Rd2 c6 34. dxc6 Rxd2
35. c7 Rg5 36. c8=Q Rdxg2+ 37. Kh1 Rg1+ 0-1

[Event "Druzynowe Mistrzostwa Polski Juniorow 2019 - II Liga"]
[Site "Szczyrk"]
[Date "1899-12-30"]
[Round "3.64"]
[White "Lochinski, Pawel"]
[Black "Rzepka, Marcin"]
[Result "1-0"]
[WhiteTitle "II"]
[BlackTitle "II"]
[WhiteElo "1138"]
[BlackElo "1304"]

1. e4 e5 2. Nf3 Nc6 3. Bb5 a6 4. Ba4 Nge7 5. d4 Ng6 6. dxe5 Ngxe5 7. Nxe5 Nxe5
8. f4 Nc6 9. O-O Bc5+ 10. Kh1 O-O 11. Nc3 d6 12. f5 Ne5 13. f6 b5 14. fxg7 Re8
15. Bb3 c6 16. Qh5 Be6 17. Rf4 Ng6 18. Rf1 Qh4 19. Qe2 d5 20. exd5 Bxd5 21. Qd3
Bxb3 22. axb3 Qh5 23. Ne4 Be7 24. Qd7 Qe2 25. Qf5 Ne5 26. Bf4 Ng6 27. Bg3 Kxg7
28. Qxf7+ Kh8 29. Nf6 Bxf6 30. Qxf6+ Kg8 31. Qf7+ Kh8 32. Rae1 Qxf1+ 33. Qxf1
1-0

[Event "Druzynowe Mistrzostwa Polski Juniorow 2019 - II Liga"]
[Site "Szczyrk"]
[Date "1899-12-30"]
[Round "3.65"]
[White "Kroliczek, Gabriela"]
[Black "Zalucka, Emilia"]
[Result "1-0"]
[WhiteTitle "I++"]
[BlackTitle "I"]
[WhiteElo "1664"]
[BlackElo "1440"]

1. d4 d5 2. c4 e6 3. Nc3 Nf6 4. cxd5 exd5 5. Bg5 Nbd7 6. e3 Be7 7. Bd3 O-O 8. h3
c5 9. dxc5 Nxc5 10. Nge2 Re8 11. Bb5 Bd7 12. Bxd7 Qxd7 13. O-O Nce4 14. Bxf6 Nxf6
15. Nf4 Rad8 16. Qd4 b6 17. b4 Bd6 18. Nd3 Qf5 19. Rad1 h6 20. a4 Be5 21. Nxe5
Qxe5 22. a5 bxa5 23. bxa5 Qc7 24. Ra1 a6 25. Rfc1 Rc8 26. Ne2 Qd6 27. Rab1 Rb8
28. Qa7 Ne4 29. Rb6 Rxb6 30. axb6 Qb8 31. Qxa6 Nd6 32. Nd4 Qb7 33. Qxb7 Nxb7 34.
Rc7 Nd6 35. Nc6 Nb5 36. Rd7 Kf8 37. b7 d4 38. b8=Q 1-0

[Event "Druzynowe Mistrzostwa Polski Juniorow 2019 - II Liga"]
[Site "Szczyrk"]
[Date "1899-12-30"]
[Round "3.66"]
[White "Ziobrowska, Maja"]
[Black "Cieslak, Jessica"]
[Result "0-1"]
[WhiteTitle "I"]
[BlackTitle "I"]
[WhiteElo "1491"]
[BlackElo "1332"]

1. e4 c5 2. d4 cxd4 3. c3 g6 4. cxd4 d5 5. e5 Nc6 6. Nc3 Bg7 7. Nf3 Nh6 8. Bf4
Bg4 9. Be2 Bxf3 10. Bxf3 e6 11. Qd2 Nf5 12. Ne2 O-O 13. g3 Qb6 14. Rd1 Rac8 15.
O-O Nb4 16. Nc3 Nc6 17. Be3 Rfd8 18. Bg2 Bf8 19. a3 Na5 20. Rb1 Nb3 21. Qd3 Nbxd4
22. Bg5 Rd7 23. g4 Be7 24. Bd2 Nh4 25. Be3 Ndf3+ 26. Bxf3 Nxf3+ 27. Kh1 Qc6 28.
Bh6 d4 29. Ne4 Nxe5 30. Qe2 d3 31. Qe1 Nxg4 32. Bf4 f5 33. f3 fxe4 34. fxg4 e3+
35. Kg1 e2 36. Rf2 Bc5 0-1

[Event "Druzynowe Mistrzostwa Polski Juniorow 2019 - II Liga"]
[Site "Szczyrk"]
[Date "1899-12-30"]
[Round "3.67"]
[White "Laszczak, Przemyslaw"]
[Black "Gorkiewicz, Mateusz"]
[Result "1-0"]
[WhiteTitle "k"]
[BlackTitle "I"]
[WhiteElo "1942"]
[BlackElo "1985"]

1. d4 Nf6 2. c4 e6 3. g3 d5 4. Nf3 Be7 5. Bg2 O-O 6. O-O dxc4 7. Ne5 Nc6 8. Nxc6
bxc6 9. Na3 Bxa3 10. bxa3 Ba6 11. Qd2 Rb8 12. Qa5 Rb6 13. a4 Qe7 14. Qc3 Rd8 15.
Ba3 Qd7 16. Bc5 Rbb8 17. Qa5 Qc8 18. Rab1 Rxb1 19. Rxb1 Nd5 20. Bxa7 c3 21. Rb8
Qxb8 22. Bxb8 Rxb8 23. Be4 Bxe2 24. Qa7 Rf8 25. Qc5 f5 26. Bxd5 cxd5 27. Qxc3
Bc4 28. Qb2 Ba6 29. Qb4 Re8 30. Qc5 Be2 31. Qc6 Kf7 32. a5 Bf3 33. a6 e5 34. Qd7+
Kf8 35. Qxf5+ 1-0

[Event "Druzynowe Mistrzostwa Polski Juniorow 2019 - II Liga"]
[Site "Szczyrk"]
[Date "1899-12-30"]
[Round "3.68"]
[White "Lambrecht, Tomasz"]
[Black "Czarnomski, Dominik"]
[Result "1-0"]
[WhiteTitle "II+"]
[BlackTitle "II+"]
[WhiteElo "1601"]
[BlackElo "1541"]

1. d4 g6 2. c4 Bg7 3. Nc3 d6 4. e4 e5 5. d5 Ne7 6. Be3 O-O 7. Qd2 f5 8. f3 Nd7
9. Nge2 Nf6 10. h3 a6 11. a3 Bd7 12. g4 fxe4 13. fxe4 b6 14. Ng3 Rf7 15. Be2 Bc8
16. O-O-O Nd7 17. Kb1 a5 18. Rdg1 Nc5 19. Bd1 Ba6 20. b3 Qe8 21. a4 Rd8 22. h4
c6 23. Bg5 b5 24. dxc6 bxc4 25. Nd5 cxb3 26. Nxe7+ Rxe7 27. Qd5+ Kh8 28. Be2 Nxa4
29. Rc1 Bxe2 30. Nxe2 Nc5 31. Rhd1 Rb8 32. Bxe7 Qxe7 33. Qxd6 Qxd6 34. Rxd6 Na6
35. c7 Nxc7 36. Rxc7 Bf8 37. Rdc6 Kg8 38. Rc8 Rb4 39. Nc3 Kg7 40. R6c7+ Kg8 41.
Ra7 Rd4 42. Rxa5 Kf7 43. Ra7+ Kg8 44. Raa8 Rd3 45. Rxf8+ Kg7 46. Kb2 Rg3 47. Rfc8
Rxg4 48. Rc7+ Kh6 49. Rh8 Rxh4 50. Rcxh7+ 1-0

[Event "Druzynowe Mistrzostwa Polski Juniorow 2019 - II Liga"]
[Site "Szczyrk"]
[Date "1899-12-30"]
[Round "3.69"]
[White "Krawczak, Patryk"]
[Black "Kolodziejski, Piotr"]
[Result "0-1"]
[WhiteTitle "II"]
[BlackTitle "I"]
[WhiteElo "1117"]
[BlackElo "1666"]

1. e4 c5 2. Nc3 Nc6 3. f4 g6 4. Nf3 Bg7 5. Bc4 e6 6. d3 Nge7 7. O-O d5 8. Bb3 O-O
9. Qe1 Na5 10. Qh4 Nxb3 11. axb3 Nc6 12. Bd2 Qxh4 13. Nxh4 dxe4 14. dxe4 Nd4 15.
Rac1 Rd8 16. Be3 b5 17. Bxd4 Bxd4+ 18. Kh1 Bd7 19. Nf3 Be3 20. Rcd1 Bxf4 21. g3
Bc7 22. Ng5 Be8 23. Rde1 h6 24. Nf3 Bc6 25. Rf2 Rd7 26. Nd1 Bxe4 27. Ne3 f5 28.
Kg1 Bxf3 29. Rxf3 Rad8 30. g4 f4 31. Ng2 Rd1 32. Ref1 e5 33. Ne1 e4 34. R3f2 R8d2
35. Rxd2 Rxd2 36. Rf2 Rxf2 37. Kxf2 Kf7 38. c3 a5 39. Nc2 b4 40. Ke2 Kf6 41. h4
h5 42. gxh5 gxh5 43. Ne1 Kf5 44. Kf2 Be5 45. cxb4 axb4 46. Nc2 Bxb2 47. Ne1 Bc3
48. Ng2 Bd2 49. Ne1 Bxe1+ 50. Kxe1 e3 51. Ke2 Ke4 52. Ke1 f3 53. Kf1 Kd3 54. Ke1
f2+ 55. Kf1 e2+ 56. Kxf2 Kd2 57. Kf3 e1=Q 58. Kf4 Qe3+ 59. Kf5 c4 60. bxc4 b3
61. c5 Qxc5+ 62. Kf4 Qd5 63. Kg3 Qf5 64. Kg2 Ke2 65. Kg1 Qg4+ 66. Kh2 Kf2 67.
Kh1 Qg2# 0-1

[Event "Druzynowe Mistrzostwa Polski Juniorow 2019 - II Liga"]
[Site "Szczyrk"]
[Date "1899-12-30"]
[Round "3.70"]
[White "Musin, Pawel"]
[Black "Olszewski, Antoni"]
[Result "1-0"]
[WhiteTitle "II"]
[BlackTitle "II"]
[WhiteElo "1181"]
[BlackElo "1380"]

1. d4 d5 2. Nf3 Nf6 3. e3 e6 4. Bd3 Be7 5. b3 O-O 6. Bb2 b6 7. Nbd2 Bb7 8. O-O
Nbd7 9. Ne5 c5 10. f4 Rc8 11. c4 cxd4 12. Bxd4 Nc5 13. Be2 Nce4 14. Nxe4 Nxe4
15. cxd5 Bxd5 16. Bc4 f6 17. Bxd5 Qxd5 18. Ng4 h5 19. Nf2 Nxf2 20. Rxf2 Rfd8 21.
Rc1 e5 22. Rxc8 Rxc8 23. fxe5 fxe5 24. Qxh5 Bf6 25. Rxf6 gxf6 26. Qg4+ Kf7 27.
Qxc8 exd4 28. Qc7+ Ke6 29. Qxa7 d3 30. Qxb6+ Ke5 31. Kf2 Ke4 32. Qxf6 Qa5 33.
Qh4+ 1-0

[Event "Druzynowe Mistrzostwa Polski Juniorow 2019 - II Liga"]
[Site "Szczyrk"]
[Date "1899-12-30"]
[Round "3.71"]
[White "Nowacka, Dorota"]
[Black "Karlyk, Maria"]
[Result "1-0"]
[WhiteTitle "I+"]
[BlackTitle "I"]
[WhiteElo "1576"]
[BlackElo "1703"]

1. d4 d5 2. Nf3 e6 3. e3 Nf6 4. Bd3 b6 5. b3 Bb7 6. Bb2 Nbd7 7. O-O c5 8. Nbd2
Qc7 9. Ne5 Be7 10. f4 O-O 11. Qe2 Ne4 12. Bxe4 dxe4 13. c4 f6 14. Nxd7 Qxd7 15.
Rad1 Qc6 16. f5 exf5 17. Rxf5 Bc8 18. d5 Qe8 19. Rf2 Bd6 20. g4 Qg6 21. Rg2 Bd7
22. Rf1 Rae8 23. h4 Re7 24. g5 f5 25. h5 Qe8 26. h6 Be5 27. Bxe5 Rxe5 28. hxg7
Kxg7 29. Rf4 Kg8 30. Rh4 Re7 31. Qf2 Rg7 32. Qf4 Qe7 33. Nf1 Rg6 34. Rh6 Be8 35.
Rxg6+ Bxg6 36. d6 Qe6 37. Rd2 Rf7 38. Ng3 Kf8 39. Ne2 Rd7 40. Nc3 Kf7 41. Nb5
Kf8 42. Rd5 Qg8 43. Qe5 h5 44. Nc7 h4 45. Qf6+ Qf7 46. Qh8+ Qg8 47. Qh6+ Kf7 48.
Rxf5+ Bxf5 49. Qf6# 1-0

[Event "Druzynowe Mistrzostwa Polski Juniorow 2019 - II Liga"]
[Site "Szczyrk"]
[Date "1899-12-30"]
[Round "3.72"]
[White "Krzyston, Katarzyna"]
[Black "Zalewska, Malgorzata"]
[Result "1/2-1/2"]
[WhiteTitle "II"]
[BlackTitle "I"]
[WhiteElo "1000"]
[BlackElo "1000"]

1. c4 d5 2. cxd5 Qxd5 3. Nc3 Qd8 4. Nf3 Nc6 5. g3 e5 6. Bg2 Nge7 7. d3 f5 8. e3
Ng6 9. Qe2 Be7 10. O-O Be6 11. Ne1 Qd7 12. f4 O-O-O 13. b3 Nb4 14. d4 exd4 15.
exd4 Qxd4+ 16. Kh1 Qxc3 17. Qxe6+ Kb8 18. Rb1 Qf6 19. Qc4 Qd4 20. Qb5 Qb6 21.
Qxf5 Nxa2 22. Nc2 Nb4 23. Nxb4 Bxb4 24. Bb2 Rhg8 25. Qg5 Be7 26. Qg4 Bf6 27. Bc1
Rge8 28. Qh5 Nf8 29. Ba3 h6 30. Qf3 Be7 31. Bb2 Ne6 32. Ra1 Nd4 33. Bxd4 Rxd4
34. Ra2 Bf6 35. Rc1 Rb4 36. Rb1 a5 37. Qh5 Re3 38. Qxa5 Qxa5 39. Rxa5 Rexb3 40.
Rxb3 Rxb3 41. Kg1 Bc3 42. Rd5 c6 43. Rd8+ Kc7 44. Rd1 b5 45. f5 Ra3 46. h4 Ra1
47. Rxa1 Bxa1 48. Kf1 b4 49. Ke1 c5 50. Kd1 c4 51. Bd5 c3 52. Kc2 Kd6 53. Bb3
Ke5 54. Kd3 Kxf5 55. Kc4 Ke4 56. Bc2+ Kf3 57. Kxb4 Kxg3 58. h5 Kg4 59. Bd1+ Kg5
60. Kc4 c2 61. Bxc2 Kxh5 62. Kd3 g5 63. Ke3 Kg4 64. Kf2 h5 65. Ba4 Kh3 66. Kg1
Kg3 67. Bb5 Bd4+ 68. Kh1 Kf2 69. Bc6 g4 70. Bg2 Be5 71. Be4 h4 72. Bg2 Kg3 73.
Kg1 Kf4 74. Kh2 Ke3+ 75. Kg1 Ke2 76. Bf1+ Ke3 77. Bg2 h3 78. Bf1 Kf4 79. Kh2 Kf3+
80. Kg1 h2+ 81. Kh1 Kf2 82. Bg2 g3 83. Bh3 1/2-1/2

[Event "Druzynowe Mistrzostwa Polski Juniorow 2019 - II Liga"]
[Site "Szczyrk"]
[Date "1899-12-30"]
[Round "3.73"]
[White "Kania, Dominik"]
[Black "Kucharski, Bartlomiej"]
[Result "1/2-1/2"]
[WhiteTitle "I"]
[BlackTitle "I++"]
[WhiteElo "1948"]
[BlackElo "1952"]

1. e4 d6 2. d4 Nf6 3. Nc3 e5 4. Nf3 Nbd7 5. Bc4 Be7 6. O-O O-O 7. h3 c6 8. a4 Qc7
9. Re1 b6 10. b3 a6 11. Ba3 Rb8 12. dxe5 Nxe5 13. Nxe5 dxe5 14. Bxe7 Qxe7 15.
Qf3 b5 16. Bf1 Nd7 17. Qe3 Nc5 18. Red1 Ne6 19. axb5 axb5 20. Ra7 Rb7 21. Rxb7
Qxb7 22. Ne2 c5 23. Rd5 Qb8 24. Qg3 f6 25. Nc3 Bb7 26. Rd1 Bc6 27. Nd5 Qb7 28.
c3 Kh8 29. Qg4 Re8 30. Rd2 b4 31. cxb4 cxb4 32. Bc4 Nd4 33. Ra2 f5 34. Qh4 fxe4
35. Qxe4 Nb5 36. Qd3 Rd8 37. Rd2 Nc3 38. Nxc3 Rxd3 39. Rxd3 g6 40. Nd5 Kg7 41.
Ne3 Be4 42. Rd1 h5 43. Be6 Kf6 44. Bc4 Qc7 45. Bd5 Bf5 1/2-1/2

[Event "Druzynowe Mistrzostwa Polski Juniorow 2019 - II Liga"]
[Site "Szczyrk"]
[Date "1899-12-30"]
[Round "3.74"]
[White "Wolak, Kamil"]
[Black "Gardian, Adam"]
[Result "1/2-1/2"]
[WhiteTitle "I"]
[BlackTitle "I"]
[WhiteElo "1619"]
[BlackElo "1770"]

1. e4 c5 2. Nf3 Nc6 3. c3 Nf6 4. Bd3 e5 5. O-O d5 6. exd5 Qxd5 7. Qe2 Bg4 8. Bc4
Qd7 9. d3 Bd6 10. Be3 O-O 11. Nbd2 Rfe8 12. a3 a5 13. a4 b6 14. Rfd1 Qc7 15. h3
Bh5 16. Ne4 Rad8 17. Rd2 Bg6 18. Bg5 Be7 19. Rad1 Nd5 20. Bxe7 Nf4 21. Qe3 Nxe7
22. Nh4 Nf5 23. Nxf5 Bxf5 24. g4 Be6 25. Bb5 Nd5 26. Qg3 Bd7 27. Bxd7 Qxd7 28.
c4 Nf4 29. Nc3 Qc6 30. b3 Rd6 31. Ne2 Ng6 32. h4 Rde6 33. f3 Rf6 34. Rf1 Nf4 35.
g5 Rf5 36. Nxf4 Rxf4 37. Kg2 Rd8 38. Re1 Qd6 39. Rde2 Rf5 40. Rxe5 Rxe5 41. Qxe5
Kf8 42. Qxd6+ Rxd6 43. Re3 Rd4 44. Kg3 Rd6 45. f4 h5 46. Kf3 1/2-1/2

[Event "Druzynowe Mistrzostwa Polski Juniorow 2019 - II Liga"]
[Site "Szczyrk"]
[Date "1899-12-30"]
[Round "3.75"]
[White "Kubica, Dominik"]
[Black "Bartuzi, Krzysztof"]
[Result "1/2-1/2"]
[WhiteTitle "II+"]
[BlackTitle "II+"]
[WhiteElo "1438"]
[BlackElo "1392"]

1. e4 e6 2. Nf3 d5 3. Nc3 Nf6 4. e5 Nfd7 5. d4 c5 6. dxc5 Bxc5 7. Bd3 Nc6 8. Qe2
Qc7 9. Bf4 a6 10. O-O Nd4 11. Qd1 Nxf3+ 12. Qxf3 Nxe5 13. Qh5 Bd6 14. Nxd5 Qc5
15. Bxe5 Qxd5 16. Rfe1 g6 17. Qe2 Bxe5 18. Qxe5 Qxe5 19. Rxe5 Bd7 20. Rd1 Bc6
21. f3 Rd8 22. Re2 Ke7 23. Red2 Rd6 24. Kf2 Rhd8 25. Ke3 Rd4 26. Bc4 Rxd2 27.
Rxd2 Rxd2 28. Kxd2 Kd6 29. Ke3 Bd5 30. Bxd5 Kxd5 31. a3 b5 32. Kd3 a5 33. b3 f6
34. g3 h5 35. f4 g5 36. fxg5 fxg5 37. h3 g4 38. hxg4 hxg4 39. Ke3 e5 40. Kd3 b4
41. axb4 axb4 1/2-1/2

[Event "Druzynowe Mistrzostwa Polski Juniorow 2019 - II Liga"]
[Site "Szczyrk"]
[Date "1899-12-30"]
[Round "3.76"]
[White "Bartuzi, Michal"]
[Black "Zaborski, Igor"]
[Result "0-1"]
[WhiteTitle "II+"]
[BlackTitle "II"]
[WhiteElo "1193"]
[BlackElo "1372"]

1. d4 Nf6 2. c4 g6 3. Nc3 Bg7 4. e4 d6 5. Nf3 O-O 6. Be2 Nbd7 7. O-O e5 8. d5 Nc5
9. Qc2 a5 10. Ne1 Ne8 11. Nd3 b6 12. Be3 f5 13. b4 Nxd3 14. Bxd3 axb4 15. Ne2
f4 16. Bd2 f3 17. gxf3 Rxf3 18. Ng3 Bh3 19. Rfe1 h5 20. Re3 Rxe3 21. Bxe3 h4 22.
Bf1 Qd7 23. Bxh3 Qxh3 24. Ne2 Nf6 25. f3 Qxf3 26. Qd2 Nxe4 27. Qe1 Qxe3+ 28. Kh1
h3 29. Qf1 Rf8 0-1

[Event "Druzynowe Mistrzostwa Polski Juniorow 2019 - II Liga"]
[Site "Szczyrk"]
[Date "1899-12-30"]
[Round "3.77"]
[White "Lajdamik, Anna"]
[Black "Mirowska, Oliwia"]
[Result "1/2-1/2"]
[WhiteTitle "I"]
[BlackTitle "I++"]
[WhiteElo "1324"]
[BlackElo "1735"]

1. e4 d6 2. d4 Nf6 3. Nc3 e5 4. dxe5 dxe5 5. Qxd8+ Kxd8 6. Bc4 Be6 7. Bxe6 fxe6
8. Nf3 Nc6 9. Be3 Bb4 10. O-O-O Ke7 11. Bg5 h6 12. Bxf6+ gxf6 13. Ne2 Bc5 14.
Rhf1 a5 15. Nc3 Rhg8 16. g3 Nd4 17. Nxd4 Bxd4 18. Nb5 Bb6 19. Rd2 Rad8 20. Re2
Rd7 21. f4 exf4 22. gxf4 Rg4 23. f5 e5 24. Nc3 c6 25. a3 Rd4 26. Rfe1 Ba7 27.
Nd1 Rd8 28. Nf2 Bxf2 29. Rxf2 Rd4 30. Rfe2 b5 31. c3 Rd8 32. Rd2 Rxd2 33. Kxd2
Kd6 34. b4 axb4 35. axb4 Rg2+ 36. Re2 Rxe2+ 37. Kxe2 1/2-1/2

[Event "Druzynowe Mistrzostwa Polski Juniorow 2019 - II Liga"]
[Site "Szczyrk"]
[Date "1899-12-30"]
[Round "3.78"]
[White "Hals, Emilia"]
[Black "Jaros, Emilia"]
[Result "1-0"]
[WhiteTitle "I"]
[BlackTitle "I"]
[WhiteElo "1346"]
[BlackElo "1112"]

1. e4 e5 2. Nf3 Nf6 3. Nxe5 d6 4. Nf3 Nxe4 5. d4 d5 6. Bd3 Be7 7. O-O O-O 8. Nbd2
Ng5 9. Nxg5 Bxg5 10. f4 Bf6 11. c3 Re8 12. Nf3 Bg4 13. h3 Bxf3 14. Qxf3 c6 15.
Qh5 h6 16. Bd2 Bh4 17. g4 Bf6 18. g5 hxg5 19. Qh7+ Kf8 20. Qh8+ Ke7 21. Rae1+
Kd7 22. Bf5+ Re6 23. Qxd8+ Bxd8 24. fxg5 Ke7 25. Bxe6 fxe6 26. g6 Kd6 27. Rf7
c5 28. Bf4+ Kc6 29. Rxe6+ Kb5 30. Rxb7+ Bb6 31. dxc5 Kxc5 32. Rxb8 Rxb8 33. Bxb8
a5 34. Kf1 a4 35. Be5 Bd8 36. b3 axb3 37. axb3 Kb5 38. Bxg7 Bb6 39. Rxb6+ Kxb6
40. Bd4+ Kc7 41. g7 Kd7 42. g8=Q Kc6 43. Qe6+ Kb7 44. Be5 Ka7 45. Qc6 d4 46. Bc7
dxc3 47. Qb6+ Ka8 48. Qb8# 1-0

[Event "Druzynowe Mistrzostwa Polski Juniorow 2019 - II Liga"]
[Site "Szczyrk"]
[Date "1899-12-30"]
[Round "3.79"]
[White "Mazurek, Bartosz"]
[Black "Piekielny, Pawel"]
[Result "0-1"]
[WhiteTitle "I"]
[BlackTitle "I++"]
[WhiteElo "1857"]
[BlackElo "1985"]

1. d4 Nf6 2. Nf3 e6 3. c4 Bb4+ 4. Bd2 Qe7 5. g3 Nc6 6. Bg2 Bxd2+ 7. Nbxd2 d6 8.
O-O a5 9. a3 e5 10. d5 Nb8 11. e4 Na6 12. Qc2 O-O 13. Ne1 Nc5 14. Nd3 Nxd3 15.
Qxd3 a4 16. Rfb1 b6 17. Bf3 Ne8 18. b4 axb3 19. a4 f5 20. Rxb3 fxe4 21. Bxe4 Nf6
22. Rba3 Nxe4 23. Qxe4 Qg5 24. Qe3 Qxe3 25. fxe3 Bh3 26. Ne4 Ra5 27. R3a2 Rfa8
28. Kf2 Bd7 29. Ke2 b5 30. Nc3 bxa4 31. e4 Kf7 32. Nb5 Bxb5 33. cxb5 Rxb5 34.
Rxa4 Rb2+ 35. Kf3 Rxa4 36. Rxa4 Rb3+ 37. Kf2 Rc3 38. Ra7 Kg6 39. Ra8 Rc2+ 40.
Kf3 Rxh2 41. Re8 Rc2 42. Re7 Kf6 43. Rd7 h6 44. g4 Rc3+ 45. Kf2 g6 46. Rh7 Kg5
47. Rh8 Kxg4 48. Rxh6 g5 49. Rf6 Rc2+ 50. Ke3 Kg3 51. Rg6 g4 52. Rg7 Kh3 53. Rh7+
Kg2 54. Rg7 g3 0-1

[Event "Druzynowe Mistrzostwa Polski Juniorow 2019 - II Liga"]
[Site "Szczyrk"]
[Date "1899-12-30"]
[Round "3.80"]
[White "Golinski, Kacper"]
[Black "Kebel, Bartosz"]
[Result "1/2-1/2"]
[WhiteTitle "I"]
[BlackTitle "II"]
[WhiteElo "1761"]
[BlackElo "1463"]

1. e4 c5 2. Nf3 Nc6 3. Bb5 d6 4. Bxc6+ bxc6 5. O-O Nf6 6. Re1 e6 7. e5 dxe5 8.
Nxe5 Qc7 9. b3 Bd6 10. Bb2 O-O 11. Na3 Nd5 12. Nac4 Be7 13. Ba3 a5 14. d4 cxd4
15. Bxe7 Nxe7 16. Qxd4 Rd8 17. Qc5 Bb7 18. Rad1 Nd5 19. a4 h6 20. h3 Ra6 21. Rd4
Nb4 22. Rxd8+ Qxd8 23. Nd6 Qe7 24. Nexf7 Ba8 25. Qe3 Nxc2 26. Qxe6 Qxe6 27. Rxe6
Nd4 28. Re8+ Kh7 29. Rb8 c5 30. Nb5 Be4 31. Nxd4 cxd4 32. Rd8 Bc2 33. Rxd4 Bxb3
34. Ne5 Ra7 35. Kf1 Rc7 36. Ke2 Rc2+ 37. Ke3 Ra2 38. Nc6 Bxa4 39. Nxa5 Bb5 40.
Nb7 Bc6 41. Nd6 Bxg2 42. h4 Ra3+ 43. Ke2 Ra5 44. Ke3 Rd5 45. Rxd5 Bxd5 46. Kf4
Kg6 47. Nf5 Kf6 48. Ng3 Bf7 49. Ne4+ Ke6 1/2-1/2

[Event "Druzynowe Mistrzostwa Polski Juniorow 2019 - II Liga"]
[Site "Szczyrk"]
[Date "1899-12-30"]
[Round "3.81"]
[White "Sleczka, Krzysztof"]
[Black "Szymczak, Krzysztof"]
[Result "1/2-1/2"]
[WhiteTitle "II"]
[BlackTitle "II"]
[WhiteElo "1191"]
[BlackElo "1157"]

1. e4 c5 2. Nf3 Nc6 3. d4 cxd4 4. Nxd4 d6 5. Nc3 Nf6 6. Bc4 Bd7 7. Bb3 a6 8. Be3
e6 9. Qd2 Be7 10. f3 b5 11. g4 Nxd4 12. Bxd4 a5 13. a4 e5 14. Be3 bxa4 15. Nxa4
Rb8 16. h4 O-O 17. h5 Bxa4 18. Rxa4 d5 19. g5 Nd7 20. g6 Rxb3 21. cxb3 d4 22.
gxh7+ Kxh7 23. Bf2 Bb4 24. Rxb4 axb4 25. Qxb4 Qc7 26. Qc4 Qxc4 27. bxc4 Rb8 28.
f4 Rxb2 29. O-O f6 30. fxe5 fxe5 31. Rc1 Nc5 32. Bg3 Nd3 33. Rd1 Rb3 34. Kf1 Nb2
35. Rb1 Rxg3 36. Rxb2 Rc3 37. Rb5 Rxc4 38. Rxe5 d3 39. Ke1 Rc2 40. Rd5 Re2+ 41.
Kf1 Rxe4 42. Rxd3 Re5 43. Rh3 Kh6 44. Rb3 Kxh5 45. Kg2 Re4 46. Rc3 g5 47. Rh3+
Rh4 48. Rxh4+ Kxh4 49. Kh2 Kg4 50. Kg2 Kf4 51. Kf2 g4 52. Kg2 g3 53. Kg1 Kf3 54.
Kf1 g2+ 55. Kg1 1/2-1/2

[Event "Druzynowe Mistrzostwa Polski Juniorow 2019 - II Liga"]
[Site "Szczyrk"]
[Date "1899-12-30"]
[Round "3.82"]
[White "Lamek, Dawid"]
[Black "Uhryn, Mateusz"]
[Result "0-1"]
[WhiteTitle "II"]
[BlackTitle "II"]
[WhiteElo "1070"]
[BlackElo "1321"]

1. e4 c5 2. Nf3 Nc6 3. d4 cxd4 4. Nxd4 g6 5. Be3 Bg7 6. Nc3 Nf6 7. Bc4 O-O 8. f3
Qb6 9. Bb3 Nxe4 10. Nxe4 Nxd4 11. Kf2 d5 12. Nc3 e5 13. Nxd5 Qd8 14. Bxd4 exd4
15. Re1 Be6 16. Nb4 Bxb3 17. axb3 Qd6 18. Nd3 Qxh2 19. Re4 Qd6 20. Qe2 Bh6 21.
f4 Bg7 22. Rh1 Qd7 23. Re7 Qc6 24. Re1 Bf6 25. Re4 Rac8 26. Rc1 Rfe8 27. Ne5 Bxe5
28. Rxe5 Rxe5 29. Qxe5 Qb6 30. Kf3 d3 31. Qe4 Qb5 32. Ke3 dxc2 33. Rxc2 Re8 34.
Rc8 Rxc8 35. Kf2 Qc5+ 36. Kg3 Qc6 37. Qe1 Qc1 38. Qe7 Qxb2 39. Qxb7 Qc3+ 40. Kh2
Qc7 41. Qd5 Qxf4+ 0-1

[Event "Druzynowe Mistrzostwa Polski Juniorow 2019 - II Liga"]
[Site "Szczyrk"]
[Date "1899-12-30"]
[Round "3.83"]
[White "Skiba, Aleksandra"]
[Black "Jedras, Adrianna"]
[Result "1-0"]
[WhiteTitle "I++"]
[BlackTitle "I"]
[WhiteElo "1795"]
[BlackElo "1367"]

1. d4 d6 2. e4 Nf6 3. Nc3 c6 4. h3 Qa5 5. Bd2 Qb6 6. Nf3 d5 7. e5 Ne4 8. Na4 Qc7
9. c4 e6 10. cxd5 exd5 11. Rc1 Be7 12. Be2 O-O 13. O-O Nd7 14. Nc3 Nxc3 15. Bxc3
Nb6 16. Bd3 f5 17. b4 f4 18. Qc2 h6 19. Bd2 Be6 20. b5 Rac8 21. bxc6 Qxc6 22.
Qxc6 Rxc6 23. Rxc6 bxc6 24. Rc1 Bd7 25. Kf1 g5 26. e6 Bxe6 27. Rxc6 Rf6 28. Rc7
Bd6 29. Rxa7 Nc4 30. Ra8+ Kf7 31. Bc3 Bf5 32. Bxf5 Rxf5 33. a4 Ke6 34. Rh8 Rf6
35. Nd2 Nxd2+ 36. Bxd2 Kf5 37. f3 Ba3 38. Rd8 Ke6 39. Rb8 Kd7 40. Rb3 Bd6 41.
Ke2 Bc7 42. Rb5 Ke6 43. a5 Rf8 44. Rb7 Kd7 45. Rb5 Ke6 46. Rc5 Bd6 47. Rc6 Kd7
48. Rb6 Ra8 49. Kd3 Bc7 50. Rb5 Ke6 51. Bb4 Ra6 52. Bd2 Kd6 53. h4 Ke6 54. hxg5
hxg5 55. Ke2 Kd6 56. Bb4+ Ke6 57. Kf1 Ra7 58. Kg1 Bd8 59. Kh2 Rh7+ 60. Kg1 Ra7
61. Kf2 Bc7 62. Ke2 Ra6 63. Kd3 Bd6 64. Bxd6 Kxd6 65. Kc3 Rc6+ 66. Kb3 Ke6 67.
Rb6 Kd6 68. Rxc6+ Kxc6 69. Kb4 Kb7 70. Kc5 Ka6 71. Kxd5 Kxa5 72. Ke6 Kb6 73. d5
Kc7 74. Ke7 1-0

[Event "Druzynowe Mistrzostwa Polski Juniorow 2019 - II Liga"]
[Site "Szczyrk"]
[Date "1899-12-30"]
[Round "3.84"]
[White "Golinska, Patrycja"]
[Black "Luniewska, Daria"]
[Result "1/2-1/2"]
[WhiteTitle "I"]
[BlackTitle "II+"]
[WhiteElo "1197"]
[BlackElo "1335"]

1. e4 c5 2. Nf3 Nc6 3. d4 cxd4 4. Nxd4 g6 5. Nc3 Bg7 6. Nxc6 bxc6 7. Be3 d6 8.
Bc4 Nf6 9. O-O O-O 10. Re1 c5 11. Qf3 Bb7 12. Bf4 Nd7 13. Qe3 Ne5 14. Bd5 Rb8
15. Bb3 Bc6 16. Rab1 Qc8 17. Bg5 Qd7 18. Bf4 c4 19. Bxe5 cxb3 20. Bxg7 bxc2 21.
Bxf8 cxb1=Q 22. Rxb1 Kxf8 23. Qd4 Kg8 24. b3 Rb7 25. Rc1 Qe6 26. Re1 Qg4 27. h3
Qf4 28. Qd3 Qe5 29. Rc1 Kg7 30. Re1 Rb4 31. Qe3 Qd4 32. Qxd4+ Rxd4 33. Re2 Rb4
34. Re3 Rb7 35. Re1 h5 1/2-1/2

[Event "Druzynowe Mistrzostwa Polski Juniorow 2019 - II Liga"]
[Site "Szczyrk"]
[Date "1899-12-30"]
[Round "3.85"]
[White "Kijkowski, Michal"]
[Black "Marczak, Szymon"]
[Result "1/2-1/2"]
[WhiteTitle "I"]
[BlackTitle "I++"]
[WhiteElo "1789"]
[BlackElo "1857"]

1. e4 c5 2. Nf3 e6 3. d4 cxd4 4. Nxd4 Nc6 5. Nc3 Qc7 6. Be3 a6 7. Qd2 b5 8. O-O-O
Nf6 9. f3 Be7 10. g4 Nxd4 11. Bxd4 Bb7 12. g5 Nh5 13. Be5 Qxe5 14. Qxd7+ Kf8 15.
Qxb7 Qb8 16. Qxb8+ Rxb8 17. h4 h6 18. gxh6 Rxh6 19. Bd3 Nf4 20. Ne2 Nxe2+ 21.
Bxe2 Bxh4 22. c3 Rd8 23. Rxd8+ Bxd8 24. Rxh6 gxh6 25. Kd2 Bb6 26. Ke1 Ke7 27.
a4 bxa4 28. Bxa6 Bc5 29. Bb5 a3 30. bxa3 Bxa3 31. Kf1 Kd6 32. Be8 f6 33. Bf7 Bb2
34. f4 Bxc3 35. e5+ Bxe5 36. fxe5+ Kxe5 37. Kf2 Kf5 38. Kf3 e5 39. Bd5 h5 40.
Bc6 Kg5 41. Ke4 Kg4 42. Bd7+ Kg3 43. Kf5 h4 44. Bc6 h3 45. Bb7 h2 46. Bc6 Kf2
47. Kxf6 Kg1 48. Kxe5 h1=Q 49. Bxh1 1/2-1/2